| 000 | 00944nam a2200265 4500 | ||
|---|---|---|---|
| 001 | 0000023346 | ||
| 003 | CO-CtgCURN | ||
| 005 | 20250331184410.0 | ||
| 007 | ta | ||
| 008 | 160627s2008 000 0 eng d | ||
| 040 |
_aCO-CtgCURN _bspa _ccoctgcurn |
||
| 082 | 0 |
_a338.4791 _bT938 |
|
| 245 | 0 | 0 |
_aTurismo y juego en Colombia : _btourism and gaming in colombia / _cdirectora María Victoria Cabrera Infantas. |
| 260 |
_aBogotá : _bPubliexpres, _c2008. |
||
| 300 | _a164 p. | ||
| 336 | _2rdacontent | ||
| 337 |
_2rdamedia _asin mediacion _bn |
||
| 338 |
_2rdacarrier _avolumen _bnc |
||
| 505 | 8 | _aVivir el turismo.--Turismo en Colombia.--El juego en Colombia.--Industria consolidada.--Las grandes inversiones.--Fabricantes | |
| 650 | 1 | 4 | _aTurismo. |
| 700 | 1 | _aCabrera Infantas, María Victoria. | |
| 908 | _a160627 | ||
| 942 |
_cBK _h338.4791 _iT938 _2ddc |
||
| 999 |
_c18529 _d18529 |
||